000 01238nam a2200229Ia 4500
003 Ost
005 20260507075115.0
008 260507s9999||||xx |||||||||||||| ||und||
040 _cfsecg
041 _aara
082 _a658.8
100 _aعليان، ربحي مصطفى
_eمؤلف
245 0 _aتسويق المعلومات /
_c ربحي مصطفى عليان
260 _aعمان:
_bدار صفاء للنش والتوزيع,
_c2004
300 _a300 صفحة؛
_bإيضاحات ؛
_c24 سم
520 _aتسويق المعلومات (مفاهيم أساسية)- بيئة تسويق المعلومات- التسويق في المؤسسات المعلوماتية- تسويق الخدمات في المؤسسات المعلوماتية- تجزئة السوق المستهدفة والمزيج التسويقي- استراتيجية تسويق المعلومات- العلاقات العامة في خدمة العملية التسويقية- التسويق عبر الأنترنت- بحوث التسويق
653 _aالمعلومات
653 _aبث المعلومات
653 _aتسويق المعلومات
700 _aالسامراني، ايمان فاضل
_eمؤلف ثانوي
942 _cكتاب
999 _c43004
_d43004